=LDR 00000nam 2200000 4500 =001 INLIS000000000006208 =005 20200429085459 =035 ##$$a 0010-061300000006208 =008 200429################g##########0#ind## =041 ##$$a Ind =082 ##$$a 2x3.5 =090 ##$$a 2x3.53, Nau h =100 ##$$a Naufal, Abdurrazaq =245 1#$$a Hari kiamat /$c Ir. Abdurrazaq Naufal; Penerjemah: Drs. H. Bukhari =260 ##$$a Jakarta :$b Rineka Cipta,$c 1993 =300 ##$$a vi, 169 hlm ; $c 20 x 14 cm =650 #4$$a Islam =850 ##$$a NBPNMAT =020 ##$$a 979-518-293-5 =084 ##$$a 2x3.5 NAU h =504 ##$$a Bibliografi: halaman 168-169 =990 ##$$a 80.423/pro-95 =990 ##$$a 80.424/pro-95 =990 ##$$a DW00025729 =990 ##$$a 56.229/pro-93 =990 ##$$a 80.422/pro-95 =990 ##$$a 80.423/pro-95 =990 ##$$a 80.424/pro-95 =990 ##$$a 56.229/pro-93